000 01768cas a2200313 a 4500
001 prisma237373
005 20210818181311.0
008 101229c20069999sp ar p 0 0spa
010 _a 2011213404
022 _a1886-6190
035 _a(OCoLC)ocn696221854
041 0 _aspa
_beng
_feng
042 _apcc
050 0 0 _aRC489.A7
_bA7928
245 0 0 _aArteterapia
_bpapeles de arteterapia y educación artística para la inclusión social.
260 _aMadrid
_bServicio de Publicaciones de la Universidad Complutense de Madrid
300 _av.
_bill.
_c24 cm.
310 _aAnnual
362 1 _aBegan in 2006.
520 _aEsta publicación viene a llenar el vacío de editorial para aquellas personas que desde distintos ámbitos (arte, psicología, medicina, psicoanálisis, educación social, creación plástica) estén interesadas en el arteterapia. La revista abordará diversos aspectos del arteterapia (clínicos, educativos y sociales) y aquellos ámbitos que busquen una mayor inclusión social a través de medios artísticos.
530 _aAlso available online.
546 _aArticles in Spanish with abstracts and contents page also in English.
550 _aIssued by the University's Sección Departamental de Didáctica de la Expresión Plástica.
650 0 _aArt therapy
_vPeriodicals.
_951119
710 2 _aUniversidad Complutense de Madrid.
_bSección Departamental de Didáctica de la Expresión Plástica.
_951120
856 _uhttp://gateway.proquest.com/openurl?url_ver=Z39.88-2004&res_dat=xri:pqm&rft_val_fmt=info:ofi/fmt:kev:mtx:journal&genre=journal&req_dat=xri:pqil:pq_clntid=174072&svc_dat=xri:pqil:context=title&rft_dat=xri:pqd:PMID=237373
_zAcceder
942 _hRC489.A7
999 _c9650
_d9650